书目信息 |
| 题名: |
影视动画视听语言
|
|
| 作者: | 孙立 编著 | |
| 分册: | ||
| 出版信息: | 北京 海洋出版社 2005.10 |
|
| 页数: | 157页 | |
| 开本: | 25cm | |
| 丛书名: | ||
| 单 册: | ||
| 中图分类: | J954 | |
| 科图分类: | ||
| 主题词: | 动画片--dong hua pian--电影语言--高等教育--教材 | |
| 电子资源: | ||
| ISBN: | 978-7-5027-6426-5 | |
| 000 | 01094nam0 2200265 450 | |
| 001 | 012009251359 | |
| 005 | 20201102145515.13 | |
| 010 | @a978-7-5027-6426-5@dCNY49.00 | |
| 100 | @a20090918d2005 em y0chiy0120 ea | |
| 101 | 0 | @achi |
| 102 | @aCN@b110000 | |
| 105 | @aa a 000yy | |
| 200 | 1 | @a影视动画视听语言@Aying shi dong hua shi ting yu yan@d= Visual & audio expression in animation@f孙立编著@Fsun li bian zhu@zeng |
| 210 | @a北京@c海洋出版社@d2005.10 | |
| 215 | @a157页@c图@d25cm | |
| 300 | @a21世纪动漫游戏专业高等教育规划教材 | |
| 320 | @a有书目 (第157页) | |
| 330 | @a本书通过对《白雪公主》、《埃及王子》、《狮子王》、《天空之城》等世界优秀动画片中的蒙太奇、轴线关系、声音、音乐表现等深入分析,全面系统地讲解了视听语言在影视动画中的主要特点与常用的表现手法。 | |
| 333 | @a教育部职业教育与成人教育司全国职业教育与成人教育教学用书 | |
| 510 | 1 | @aVisual & audio expression in animation@zeng |
| 606 | 0 | @a动画片@Adong hua pian@x电影语言@x高等教育@x教材 |
| 690 | @aJ954@v4 | |
| 701 | 0 | @a孙立@Asun li@4编著 |
| 801 | 0 | @aCN@bQSSK@c20090918 |
| 905 | @b755082-84@dJ954@eS933@f3 | |
| 影视动画视听语言= Visual & audio expression in animation/孙立编著.-北京:海洋出版社,2005.10 |
| 157页:图;25cm |
| 21世纪动漫游戏专业高等教育规划教材.-使用对象:教育部职业教育与成人教育司全国职业教育与成人教育教学用书 |
| ISBN 978-7-5027-6426-5:CNY49.00 |
| 本书通过对《白雪公主》、《埃及王子》、《狮子王》、《天空之城》等世界优秀动画片中的蒙太奇、轴线关系、声音、音乐表现等深入分析,全面系统地讲解了视听语言在影视动画中的主要特点与常用的表现手法。 |
| ● |
| 相关链接 |
|
|
|
正题名:影视动画视听语言
索取号:J954/S933
 
预约/预借
| 序号 | 登录号 | 条形码 | 馆藏地/架位号 | 状态 | 备注 |
| 1 | 1501674 | 215016747 | 社科库309/309社科库 98排3列6层/ [索取号:J954/S933] | 在馆 | |
| 2 | 1501809 | 215018095 | 社科库309/309社科库 98排3列6层/ [索取号:J954/S933] | 在馆 | |
| 3 | 755082 | 207550826 | 艺术设计学院资料室/ [索取号:J954/S933] | 在馆 | |
| 4 | 755083 | 207550835 | 社科库309/309社科库 98排3列4层/ [索取号:J954/S933] |
已借出,限还日期为2026.02.04 借出人:王金来 |
|
| 5 | 755084 | 207550844 | 社科库309/309社科库 98排3列4层/ [索取号:J954/S933] | 在馆 |